University Home | Library Home | Institutional Repository

Genetics : (Record no. 133188)

MARC details
000 -LEADER
fixed length control field 00808cam5a220025300 4500
001 - CONTROL NUMBER
control field lce01771321
008 - FIXED-LENGTH DATA ELEMENTS--GENERAL INFORMATION
fixed length control field 850528s1985 iaua b 001 0 eng
010 ## - LIBRARY OF CONGRESS CONTROL NUMBER
LC control number 84071171
020 ## - INTERNATIONAL STANDARD BOOK NUMBER
International Standard Book Number 0697000745 (pbk.)
035 ## - SYSTEM CONTROL NUMBER
System control number (Sirsi) r94405
035 ## - SYSTEM CONTROL NUMBER
System control number (DLC) 84071171
035 ## - SYSTEM CONTROL NUMBER
System control number (UPRA)lce01771321
050 0# - LIBRARY OF CONGRESS CALL NUMBER
Classification number QH431
Item number .M3296 1985
082 0# - DEWEY DECIMAL CLASSIFICATION NUMBER
Classification number 575.1
Edition number 19
100 1# - MAIN ENTRY--PERSONAL NAME
Personal name Maxson, Linda R.
Linkage A53115.1
245 10 - TITLE STATEMENT
Title Genetics :
Remainder of title a human perspective /
Statement of responsibility, etc. Linda R. Maxson, Charles H. Daugherty.
260 ## - PUBLICATION, DISTRIBUTION, ETC.
Place of publication, distribution, etc. Dubuque, Iowa :
Name of publisher, distributor, etc. W.C. Brown Publishers,
Date of publication, distribution, etc. c1985.
504 ## - BIBLIOGRAPHY, ETC. NOTE
Bibliography, etc. note Includes bibliographies and index.
650 #0 - SUBJECT ADDED ENTRY--TOPICAL TERM
Topical term or geographic name entry element Human genetics.
Linkage S1951.1
650 #0 - SUBJECT ADDED ENTRY--TOPICAL TERM
Topical term or geographic name entry element Genetics.
Linkage S675.1
700 1# - ADDED ENTRY--PERSONAL NAME
Personal name Daugherty, Charles H.
Linkage A53116.1
949 ## - LOCAL PROCESSING INFORMATION (OCLC)
a QH431
w lcc
i -132962
m MAIN
p 1500
t BOOK
l ON-SHELF

No items available.

© 2026 - The University of Zambia Library - Koha v25.11